Preskoči na sadržaj

Концепции современного естествознания Учебное пособие для студентов вузов

Spremljeno u:
Bibliografski detalji
Glavni autor: Бондарев В.П
Format: Учебник
Izdanje:1
Online pristup:https://znanium.com/catalog/document?id=88349
https://znanium.com/cover/0185/185797.jpg
Oznake: Dodaj oznaku
Bez oznaka, Budi prvi tko označuje ovaj zapis!
LEADER 02925nam0a2200757 i 4500
001 RU\infra-m\znanium\bibl\185797
003 https://znanium.com/catalog/document?id=88349
005 20221021000000.0
010 |a 978-5-98281-002-1 
100 |a 20221021d2011 m y0rusy0150 ca 
101 0 |a rus 
102 |a RU 
200 1 |a Концепции современного естествознания  |e Учебное пособие для студентов вузов  |e Учебник  |f Московский государственный университет им. М.В. Ломоносова, географический факультет 
205 |a 1 
210 1 |a Москва  |c Издательский дом "Альфа-М"  |d 2009 
215 |a 464 с. 
333 |a ВО - Бакалавриат 
606 |a Науковедение. Общенаучное знание и теории  |x Концепции современного естествознания  |2 local 
608 |a Учебник  |2 local 
675 |a 50(075.8)  |z rus 
686 |a 20  |2 rubbk 
686 |a 37.03.01  |2 okso 
686 |a 37.03.02  |2 okso 
686 |a 38.03.01  |2 okso 
686 |a 38.03.02  |2 okso 
686 |a 38.03.03  |2 okso 
686 |a 38.03.04  |2 okso 
686 |a 38.03.05  |2 okso 
686 |a 38.03.06  |2 okso 
686 |a 38.03.07  |2 okso 
686 |a 39.03.02  |2 okso 
686 |a 39.03.03  |2 okso 
686 |a 39.04.01  |2 okso 
686 |a 39.04.02  |2 okso 
686 |a 39.04.03  |2 okso 
686 |a 40.03.01  |2 okso 
686 |a 41.03.02  |2 okso 
686 |a 41.03.03  |2 okso 
686 |a 41.03.04  |2 okso 
686 |a 41.03.05  |2 okso 
686 |a 41.03.06  |2 okso 
686 |a 42.03.02  |2 okso 
686 |a 42.03.03  |2 okso 
686 |a 42.03.04  |2 okso 
686 |a 42.03.05  |2 okso 
686 |a 43.03.02  |2 okso 
686 |a 43.03.03  |2 okso 
686 |a 44.03.01  |2 okso 
686 |a 44.03.02  |2 okso 
686 |a 44.03.03  |2 okso 
686 |a 44.03.04  |2 okso 
686 |a 44.03.05  |2 okso 
686 |a 45.03.02  |2 okso 
686 |a 45.03.03  |2 okso 
686 |a 45.03.04  |2 okso 
686 |a 46.03.01  |2 okso 
686 |a 46.03.02  |2 okso 
686 |a 46.03.03  |2 okso 
686 |a 47.03.01  |2 okso 
686 |a 47.03.02  |2 okso 
686 |a 47.03.03  |2 okso 
686 |a 48.03.01  |2 okso 
700 1 |a Бондарев  |b В.П.  |g Валерий Петрович  |p Московский государственный университет им. М.В. Ломоносова, географический факультет 
801 0 |a RU  |b Общество с ограниченной ответственностью «ЗНАНИУМ»  |c 20090113  |2 rusmarc 
856 4 |a znanium.com  |m ebs_support@infra-m.ru  |n НИЦ ИНФРА-М  |u https://znanium.com/catalog/document?id=88349 
856 4 1 |a znanium.com  |d /cover/0185  |f 185797.jpg  |q image/jpeg  |u https://znanium.com/cover/0185/185797.jpg